Olympic Football Paris 2024 Participants - Statistics

General Stats
  • This quiz has been taken 14 times
  • The average score is 9 of 16
Answer Stats
Answer % Correct
Japan
100%
Spain
100%
France
85%
Argentina
77%
United States
77%
Morocco
62%
New Zealand
62%
Paraguay
62%
Egypt
54%
Ukraine
54%
Dominican Republic
38%
Israel
38%
Mali
38%
Uzbekistan
38%
Costa Rica
31%
Guinea
23%
No matching quizzes found
Score Distribution
Percent of People with Each Score
Percentile by Number Answered
Your Score History
You have not taken this quiz